| 000 | 00942nam a2200277 c 4500 | ||
|---|---|---|---|
| 003 | BLK | ||
| 005 | 20180421001757.0 | ||
| 008 | 180411b bul|||||r ||||||| ||bul|| | ||
| 010 | _aKNG00216532000 | ||
| 040 | _aBLK | ||
| 041 |
_aBUL _cBUL |
||
| 080 |
_aБългарска литература _b821.163.2 _x-1 _z821.163.2-1 |
||
| 100 | 1 |
_aЕсенски, Иван Стоянов _eпърви автор _967613 |
|
| 139 |
_aЕсенски, Иван Стоянов _bЕ 86 |
||
| 245 | 1 | 0 |
_aПосвещение преди зимата _bСтихотворения _cИван Стоянов Есенски. |
| 257 | _aBGR | ||
| 260 |
_аПловдив _bХристо Г. Данов _c1985 |
||
| 300 |
_a55 с. _c19 см |
||
| 380 | _aX | ||
| 490 | 1 | _aДебют Поезия | |
| 852 | _aЦб 137316 | ||
| 856 | 4 |
_qpdf _u |
|
| 856 | 4 |
_qpdf _u |
|
| 942 |
_cKNG _n0 |
||
| 944 |
_aCR _c28.02.2018 _kНора_Радева |
||
| 944 |
_aED _c28.02.2018 _kНора_Радева |
||
| 999 |
_c206781 _d206781 |
||